LEADER 00899nas 2200301-a 450 001 9910680333403321 005 20200526055242.5 011 $a1943-1929 035 $a(OCoLC)232302483 035 $a(CKB)5070000000000092 035 $a(CONSER)--2008205797 035 $a(EXLCZ)995070000000000092 100 $a20080618a20089999 --- a 101 0 $aeng 200 00$aIndependent provisioner 210 $aTroy, MI $cBNP Media II, LLC 300 $a"Serving small and midsize meat, poultry, and game processors." 517 1 $aIP 606 $aMeat industry and trade$vPeriodicals 606 $aMeat industry and trade$2fast$3(OCoLC)fst01013271 608 $aPeriodicals.$2fast 615 0$aMeat industry and trade 615 7$aMeat industry and trade. 676 $a338 906 $aJOURNAL 912 $a9910680333403321 996 $aIndependent provisioner$92393548 997 $aUNINA